000 004160000a22001570004500
020 _a84-8280-419-7
041 0 _aSPA
082 0 4 _aG 863 S2271m
100 1 _aSanín Echeverri, Jaime
245 1 0 _aUna mujer de cuatro en conducta / Jaime Sanín Echeverri
260 _aBogotá, Colombia : Oveja Negra
300 _a164 Pag
440 0 _aBiblioteca de Literatura Colombiana; No. 19
001 11133
942 _cBK
999 _c40501
_d40501